Методы разработки комплексно-механизированных технологических процессов производства земляных работ (Запись № 6956883)

Подробности
000 -МАРКЕР
контрольное поле 01291nam0a22002771 4500
001 - ИДЕНТИФИКАТОР ЗАПИСИ
контрольное поле rc\742392
005 - ИДЕНТИФИКАТОР ВЕРСИИ
контрольное поле 20250622114702.0
035 ## - ДРУГИЕ СИСТЕМНЫЕ НОМЕРА
Идентификатор записи (NLR Aleph) 006271762
100 ## - ДАННЫЕ ОБЩЕЙ ОБРАБОТКИ
Данные общей обработки 20040301d1985 |||y0rusy50 ca
101 0# - ЯЗЫК РЕСУРСА
Язык текста, звукозаписи и т.д. русский
102 ## - СТРАНА ПУБЛИКАЦИИ ИЛИ ПРОИЗВОДСТВА
Страна публикации Российская Федерация
105 ## - ПОЛЕ КОДИРОВАННЫХ ДАННЫХ: ТЕКСТОВЫЕ МАТЕРИАЛЫ, МОНОГРАФИЧЕСКИЕ
Кодированные данные о монографическом текстовом документе a |||||||||
200 1# - ЗАГЛАВИЕ И СВЕДЕНИЯ ОБ ОТВЕТСТВЕННОСТИ
Основное заглавие Методы разработки комплексно-механизированных технологических процессов производства земляных работ
Первые сведения об ответственности [К. т. н. Теличенко В.И., инж. Комиссаров С.В.]
210 ## - ПУБЛИКАЦИЯ, РАСПРОСТРАНЕНИЕ И ДР.
Место издания, распространения и т.д. М.
Имя издателя, распространителя и т. д. ВНИИС
Дата издания, распространения и т.д. 1985
215 ## - ФИЗИЧЕСКАЯ ХАРАКТЕРИСТИКА
Специфическое обозначение материала и объем 65 с.
Другие сведения о физической характеристике ил.
Размеры 20
225 1# - СЕРИЯ
Основное заглавие серии Строительство и архитектура
Обозначение или номер части Серия 13
Наименование части Технология строительно-монтажных работ
Сведения, относящиеся к заглавию Обзор. информ.
Сведения об ответственности ВНИИ по стр-ву и архитектуре
Обозначение тома Вып. 1
300 ## - ОБЩИЕ ПРИМЕЧАНИЯ
Текст примечания В надзаг. также: Госстрой СССР
320 ## - ПРИМЕЧАНИЯ О НАЛИЧИИ В ДОКУМЕНТЕ БИБЛИОГРАФИИ / УКАЗАТЕЛЯ
Текст примечания Библиогр.: с. 61-64
700 #1 - ИМЯ ЛИЦА - ПЕРВИЧНАЯ ОТВЕТСТВЕННОСТЬ
Начальный элемент ввода Теличенко
Часть имени, кроме начального элемента ввода В.И.
Расширение инициалов личного имени Валерий Иванович
701 #1 - ИМЯ ЛИЦА - АЛЬТЕРНАТИВНАЯ ОТВЕТСТВЕННОСТЬ
Начальный элемент ввода Комиссаров
Часть имени, кроме начального элемента ввода С.В.
Расширение инициалов личного имени Сергей Владимирович
801 #0 - ИСТОЧНИК ЗАПИСИ
Страна Российская Федерация
Организация NLR
Правила каталогизации psbo
801 #1 - ИСТОЧНИК ЗАПИСИ
Страна Российская Федерация
Организация ELAR
Источник данных rusmarc
852 ## - МЕСТОНАХОЖДЕНИЕ И ШИФР ХРАНЕНИЯ
Идентификатор организации NLR
Шифр хранения (Call Number) П10/5967
942 ## - ДОПОЛНИТЕЛЬНЫЕ ЭЛЕМЕНТЫ ЗАПИСИ (АБИС)
Тип экземпляра АБИС Книга
980 ## - КОЛЛЕКЦИЯ
Название коллекции Национальная библиография
Экземпляры
Тип экземпляра Дата поступления Библиотека постоянного хранения Библиотека текущего хранения Место хранения Шифр хранения Штрих-код Статус экземпляра
Книга 26.10.2013 РНБ (Московский) РНБ (Московский) Русский журнальный фонд П10/5967 6271762-10